00652 2200241 4500001002100000005001700021008004100038035002500079082001200104090002100116100001400137245007900151260003700230300002800267650003300295850001200328990001200340990001100352990001200363990001200375990001100387990001200398YOGYA-0209000004811420150518131429.0 ind  a0010-020900000048114 a499.202 aT 499.202bRam I aRAMLAN, M aIlmu bahasa Indonesia morfologibsuatu tinjauan deskriptifcoleh M. Ramlan aYogyakartabU.P. Indonesiac1967 aviii, 82 hlm. ;c21 cm. aBahasa Indonesia - Morfologi aYOPDYOG a13656-P a9037-A a13332-P a13332-P a9037-A a13656-P